| 000 | 01119nam a2200277 a 4500 | ||
|---|---|---|---|
| 001 | 68427 | ||
| 003 | BD-RjUL | ||
| 005 | 20211209081755.0 | ||
| 008 | 170403s1973 au b i000 0 eng d | ||
| 035 | _a(BD-RjUL)BD-RjUL | ||
| 040 |
_aCUY _cCUY _dCOO _dEQO _beng |
||
| 041 | _aeng | ||
| 082 |
_223 _a539.7213 _bNEU 1973 |
||
| 090 |
_aQC771 _b.I61 no.146 |
||
| 111 | 2 |
_aPanel on Neutron Nuclear Data Evaluation _d(1971 : _cVienna) _9202862 |
|
| 245 | 1 | 0 |
_aNeutron nuclear data evaluation : _bsummary of a Panel on Neutron Nuclear Data Evaluation held by the International Atomic Energy Agency, Vienna, 30 August to 3 September 1971 / _cPanel on Neutron Nuclear Data Evaluation <1971, Wien>. |
| 260 |
_aVienna : _bInternational Atomic Energy Agency, _c1973. |
||
| 300 |
_a127 p. ; _c24 cm. |
||
| 490 | 1 |
_aTechnical reports series ; _vno. 146 |
|
| 504 | _aIncludes bibliographical references. | ||
| 650 | 0 |
_aNeutrons _9202863 |
|
| 650 | 0 |
_aNeutron flux standards _xCongresses. _9202864 |
|
| 710 | 2 |
_aInternational Atomic Energy Agency. _9153559 |
|
| 830 | 0 |
_aTechnical reports series ; _vno. 146. _9202865 |
|
| 942 |
_2ddc _cBK |
||
| 999 |
_c68427 _d68427 |
||